00509cam a22002171 4500001001300000003000400013005001700017008004100034010001700075035002000092040001800112042001200130050001900142100003400161245002000195260001100215300001900226500001600245500001300261999001700274sa 67005589 DLC20260227112358.0890724s1967 ii 000 1 beno  asa 67005589  a(OCoLC)20059831 aDLCcWaUdDLC apremarc00aPK1718.B39bS91 aBasu, Samareśa,d1924-1988.10aSvīkārokti. c[1967] a136 p.c23 cm. aIn Bengali. aA novel. c75293d75293